Chiến lược chiếm lĩnh thị trường /

Xu thế toàn cầu hóa đã khiến thị trường ngày càng rộng mở, không còn ranh giới giữ các quốc gia trong thương trường ấy, nếu muốn thành công bạn phải có một đội ngũ nhân viên tài năng, với tinh thần làm việc hăng say, phương tiện vật...

Popoln opis

Shranjeno v:
Bibliografske podrobnosti
Glavni avtor: Trout Jack
Drugi avtorji: Quang Triết (Tác giả)
Format: Knjiga
Jezik:Vietnamese
Izdano: H. : Thống Kê , 2005
Izdaja:In lần thứ 1
Teme:
Oznake: Označite
Brez oznak, prvi označite!
Thư viện lưu trữ: Thư viện Trường CĐ Kỹ Thuật Cao Thắng
LEADER 01742nam a2200241 a 4500
001 TVCDKTCT5802
003 Thư viện trường Cao đẳng Kỹ thuật Cao Thắng
005 20060803000000
008 060803
980 \ \ |a Thư viện Trường CĐ Kỹ Thuật Cao Thắng 
024 |a RG_1 #1 eb0 i1 
041 0 # |a vie 
082 # # |a 370.152 /   |b CH305L-j 
100 1 # |a Trout Jack 
245 0 0 |a Chiến lược chiếm lĩnh thị trường /  |c Trout Jack, Quang Triết 
250 # # |a In lần thứ 1 
260 # # |a H. :  |b Thống Kê ,  |c 2005 
300 # # |a 144tr. ;  |c 20cm 
520 # # |a Xu thế toàn cầu hóa đã khiến thị trường ngày càng rộng mở, không còn ranh giới giữ các quốc gia trong thương trường ấy, nếu muốn thành công bạn phải có một đội ngũ nhân viên tài năng, với tinh thần làm việc hăng say, phương tiện vật chất hiện đại...là đủ mà cần phải có chiến lược đúng đắn mới mở được cánh cửa của thành công. 
520 # # |a " Chiến lược chiếm lĩnh thị trường" -mang đến cho bạn cái nhìn chuẩn xác về tầm quan trọng của chiến lược kinh doanh. 
520 # # |a Giới thiệu những chiến lược mới có thể kết hợp để tạo nên sức mạnh giúp doanh nghiệp sống còn trong cuộc chiến thương mại cam go đầy thử thách của nền kinh tế thị trường hiện nay! 
650 # 4 |a Chiến lược kinh doanh 
700 0 # |a Quang Triết,   |e Tác giả